Most Valuable Footballers - Surname Beginning With 'D' - Statistics

General Stats
  • This quiz has been taken 142 times
    37 since last reset
  • The average score is 14 of 25
Answer Stats
# Market Value Club Nat. Answer % Correct
1 €100.00m Paris Saint-Germain 🇫🇷 Ousmane Dembélé
100%
6 €50.00m Bayern Munich 🇨🇦 Alphonso Davies
90%
2 €90.00m Paris Saint-Germain 🇫🇷 Désiré Doué
87%
4 €60.00m Manchester City 🇵🇹 Rúben Dias
87%
13 €40.00m Real Madrid 🇲🇦 Brahim Díaz
84%
5 €55.00m Manchester City 🇧🇪 Jérémy Doku
84%
3 €70.00m Bayern Munich 🇨🇴 Luis Díaz
84%
9 €45.00m Juventus 🇨🇦 Jonathan David
81%
18 €35.00m Inter Milan 🇳🇱 Denzel Dumfries
74%
25 €28.00m Manchester United 🇵🇹 Diogo Dalot
68%
11 €40.00m Manchester United 🇨🇮 Amad Diallo
65%
12 €40.00m Manchester City 🇮🇹 Gianluigi Donnarumma
61%
7 €50.00m Inter Milan 🇮🇹 Federico Dimarco
55%
17 €35.00m Atalanta 🇧🇪 Charles De Ketelaere
45%
22 €30.00m Brentford 🇩🇰 Mikkel Damsgaard
39%
23 €30.00m Al-Ittihad 🇫🇷 Moussa Diaby
39%
15 €35.00m Fenerbahce 🇨🇴 Jhon Durán
35%
8 €45.00m Sporting CP 🇨🇮 Ousmane Diomande
35%
19 €32.00m Sunderland 🇸🇳 Habib Diarra
26%
20 €30.00m Como 🇸🇳 Assane Diao
23%
24 €28.00m Botafogo 🇧🇷 Danilo
23%
10 €40.00m Chelsea 🏴󠁧󠁢󠁥󠁮󠁧󠁿 Liam Delap
23%
21 €30.00m Sporting CP 🇧🇪 Zeno Debast
23%
16 €35.00m Bournemouth 🇫🇷 Bafodé Diakité
16%
14 €35.00m Everton 🏴󠁧󠁢󠁥󠁮󠁧󠁿 Tyler Dibling
10%
No matching quizzes found
Score Distribution
Percent of People with Each Score
Percentile by Number Answered
Your Score History
You have not taken this quiz since the last reset